Építőipari kereskedelmi és kivitelező kisvállalkozás tevékenységének elemzése

Bibliográfiai részletek
Szerző: Béky Bence
További közreműködők: Fabula László
Dokumentumtípus: Diplomadolgozat
Kulcsszavak:építőipar
kereskedelem
kivitelezés
kisvállalkozás
tevékenység
Online Access:http://dolgozattar.uni-bge.hu/20159

MARC

LEADER 00000nta a2200000 i 4500
001 dolg20159
005 20190902145259.0
008 190430suuuu hu om 000 hun d
040 |a BGE Dolgozattár Repozitórium  |b hun 
041 |a hu 
100 1 |a Béky Bence 
245 1 0 |a Építőipari kereskedelmi és kivitelező kisvállalkozás tevékenységének elemzése  |c Béky Bence  |h [elektronikus dokumentum] 
246 1 1 |a Építőipari kereskedelmi és kivitelező kisvállalkozás tevékenységének elemzése 
695 |a építőipar 
695 |a kereskedelem 
695 |a kivitelezés 
695 |a kisvállalkozás 
695 |a tevékenység 
700 1 |a Fabula László  |e ths 
856 4 0 |u http://dolgozattar.uni-bge.hu/20159/1/Szakdolgozat_Beky_Bence_2019.pdf  |z Dokumentum-elérés 
856 4 0 |u http://dolgozattar.uni-bge.hu/20159/7/Titkositasi-kerelem_Beky_Bence.pdf  |z Dokumentum-elérés